ကျိုင်းတုံကတ်သလစ်သာသနာသမိုင်း (၁၉၁၂-၁၉၈၇) / (Record no. 16792)

000 -LEADER
fixed length control field 00814nam a2200193Ia 4500
003 - CONTROL NUMBER IDENTIFIER
control field OSt
005 - DATE AND TIME OF LATEST TRANSACTION
control field 20240831105501.0
007 - PHYSICAL DESCRIPTION FIXED FIELD--GENERAL INFORMATION
fixed length control field ca aa aaaaa
008 - FIXED-LENGTH DATA ELEMENTS--GENERAL INFORMATION
fixed length control field 201103s9999 xx 000 0 und d
040 ## - CATALOGING SOURCE
Transcribing agency ost
041 ## - LANGUAGE CODE
Language code of text/sound track or separate title bur
082 ## - DEWEY DECIMAL CLASSIFICATION NUMBER
Edition number 23
Classification number ၂၈၂.၅၉၁၁၆၂ ကျိုင်း
Item number ၁၄၃၇၀ S-KZN
245 #0 - TITLE STATEMENT
Title ကျိုင်းတုံကတ်သလစ်သာသနာသမိုင်း (၁၉၁၂-၁၉၈၇) /
260 ## - PUBLICATION, DISTRIBUTION, ETC.
Place of publication, distribution, etc. [နေရာမပါ]၊
Name of publisher, distributor, etc. [ထုတ်ဝေသူမပါ]၊
Date of publication, distribution, etc. ခုနှစ်မပါ။
300 ## - PHYSICAL DESCRIPTION
Extent ဝ၊ ၁၅၅ စာမျက်နှာ ၊
Dimensions ၂၄ စင်တီ။
500 ## - GENERAL NOTE
General note S-SAT : Sai Aung Tun
650 ## - SUBJECT ADDED ENTRY--TOPICAL TERM
Topical term or geographic name entry element ကက်သလစ်
Form subdivision သမိုင်း
Geographic subdivision ကျိုင်းတုံ
9 (RLIN) 54127
942 ## - ADDED ENTRY ELEMENTS (KOHA)
Source of classification or shelving scheme
Koha item type Book (Short term)
Holdings
Withdrawn status Lost status Source of classification or shelving scheme Damaged status Not for loan Collection code Permanent Location Current Location Shelving location Date acquired Total Checkouts Full call number Barcode Date last seen Price effective from Koha item type Accession
          Special Collections Shan State Buddhist University Library Shan State Buddhist University Library Special Collection Shelves 15/02/2023   ၂၈၂.၅၉၁၁၆၂ ကျိုင်း ၉၂၁၈ S-SAT MB00009218 15/02/2023 15/02/2023 Book (Short term) ၉၂၁၈ S-SAT

Library - 09407999929
Admin Office - 09407999979
Dean Office - 09250910768
Registrar Office - 09892297154
Email - [email protected]
Shan State Buddhist University, Phaya Phyu Taunggyi, Shan State, Myanmar.